Chinois - Radicaux de Kangxi - Signification - Aléatoire - Statistiques

Statistiques générales
  • Ce quiz a été pris 32 fois
  • Le résultat moyen est 10 sur 20
Statistiques - réponses
Radical
(+ variantes)
Sens % Correct
144 aller, faire
100%
57 arc
100%
138 arrêt, immobilité
100%
106 blanc
100%
22 boîte ouverte à droite
100%
65 branche
100%
170 阜 (阝) butte
100%
187 馬,simp. 马 cheval
100%
94 犬 (犭) chien
100%
81 comparer, rivaliser
100%
177 cuir
100%
90 爿 (丬) demi tronc, bois coupé
100%
7 deux
100%
24 dix, complet
100%
85 水(氵, 氺) eau
100%
67 écriture, littérature
100%
23 enceinte cachée
100%
171 esclave
100%
194 fantôme, démon
100%
86 火 (灬) feu
100%
52 fil, court, petit, minuscule
100%
111 flèche
100%
82 fourrure, poil
100%
151 haricot
100%
142 insecte, ver, serpent
100%
96 玉 (玊, 王,simp. ⺩) jade
100%
68 louche (n.)
100%
74 lune, mois
100%
64 手(扌龵) main
100%
162 辵 (辶⻌⻍) marcher (vite)
100%
203 黑,simp. 黒 noir
100%
128 oreille
100%
186 parfumé
100%
42 小(⺌, ⺍) petit
100%
16 (petite) table
100%
59 poils, barbe
100%
3 point
100%
195 魚,simp. 鱼 poisson
100%
95 profond, sombre
100%
119 riz
100%
26 卩, 㔾(⺋) sceau
100%
72 日 (⺜) soleil, jour
100%
180 son
100%
32 terre
100%
141 虍, ⻁ tigre
100%
56 tir, flèche
100%
48 travail
100%
93 牛(牜, ⺧) vache
100%
164 vin, alcool
100%
192 vin sacrificiel
100%
198 鹿 cervidé
67%
73 dire
67%
190 cheveux (longs)
50%
6 crochet
50%
211 齒, ⻭,simp. 齿 dents
50%
212 龍,simp. 龙, 竜 dragon
50%
181 頁,simp. 页 feuille
50%
114 piste, trace de pas
50%
208 rat
50%
47 巛(川, 巜) rivière
50%
50 turban, écharpe
50%
176 面, (靣) visage
50%
133 arriver
33%
158 corps
33%
156 走 (赱) courir
33%
205 黽,simp. 黾 grenouille
33%
97 melon
33%
51 s'opposer, séché
33%
34 aller
0%
35 aller lentement
0%
160 amer
0%
75 木, 朩 arbre, bois
0%
79 arme, lance
0%
77 arrêter
0%
118 竹 (⺮) bambou
0%
137 bateau
0%
153 blaireau, chat
0%
199 麥,simp. 麦 blé
0%
174 青, 靑 bleu, vert
0%
17 boîte, bouche ouverte
0%
13 boîte retournée, espace, large
0%
30 bouche
0%
204 broderie
0%
44 cadavre, corps
0%
70 carré
0%
102 champ
0%
200 chanvre, lin
0%
159 車,simp. 车 charrette
0%
127 charrue
0%
193 chaudron
0%
83 氏, ⺠ clan
0%
61 心(忄⺗) cœur
0%
191 combat
0%
154 貝,simp. 贝 coquille
0%
148 corne
0%
139 couleur
0%
43 尢, 尣,⺎ courbé, boiteux
0%
18 刀 (刂) couteau
0%
8 couvercle
0%
14 couvrir
0%
146 西(襾,覀) couvrir, ouest
0%
92 croc
0%
21 cuillère
0%
178 韋,simp. 韦 cuir tanné
0%
117 debout, se lever
0%
55 deux mains, vingt
0%
165 distinguer
0%
25 卜 (⺊) divination
0%
89 double croix
0%
99 doux, sucré
0%
210 齊,simp. 齐, 斉 égal, uniforme
0%
105 empreintes de pas
0%
31 enclos
0%
39 enfant, graine
0%
11 entrer
0%
20 envelopper
0%
33 érudit
0%
113 示 (礻) esprit
0%
126 et, mais, barbe
0%
27 falaise
0%
175 faux
0%
38 femme
0%
122 网 (罒,⺲, 罓, ⺳) filet
0%
214 flûte
0%
19 force
0%
66 攴 (攵) frapper
0%
15 glace
0%
115 grain, céréale
0%
37 grand, gros, très
0%
189 高, (髙) grand, haut
0%
87 爪 (爫) griffe, ongle
0%
58 彐 (彑) groin
0%
116 穴, 宂 grotte
0%
69 hache
0%
62 hallebarde
0%
140 艸 (⺿, ⻀,simp. 艹) herbe
0%
9 人(亻, ​𠆢) homme, personne
0%
12 八 (丷) huit, tout, diviser
0%
10 jambes, enfant
0%
121 jarre
0%
201 黃,simp. 黄 jaune
0%
110 lance
0%
135 langue (organe)
0%
2 ligne, barre verticale
0%
168 長, 镸,simp. 长 long, grandir
0%
54 longue enjambée
0%
29 main droite, encore
0%
53 广 maison sur une falaise
0%
104 maladie
0%
184 食, (飠, ⻞,simp. 饣) manger
0%
76 manque, dette, baillement
0%
161 matin
0%
202 millet
0%
131 ministre
0%
46 montagne
0%
134 mortier
0%
78 歹 (歺) mort, pourriture
0%
123 羊(⺶,⺷) mouton
0%
80 毋(母, ⺟) ne pas faire, mère
0%
209 nez
0%
4 丿(乀, 乁) oblique
0%
109 œil
0%
196 鳥,simp. 鸟 oiseau
0%
172 oiseau (à queue courte)
0%
136 opposé
0%
167 金 (釒,simp. 钅) or, métal
0%
188 os
0%
149 言 (訁,simp. 讠) parole
0%
60 pas (n.)
0%
107 peau
0%
88 père
0%
157 足 (⻊) pied
0%
112 pierre
0%
129 聿, ⺺(⺻) pinceau
0%
108 plat (n.)
0%
173 雨 (⻗) pluie
0%
124 plume
0%
179 poireau, ail
0%
152 porc
0%
169 門,simp. 门 portail, porte
0%
63 戶(户 戸) porte
0%
41 pouce
0%
45 pousse (n.)
0%
28 privé
0%
71 无 (旡) rien, ne pas
0%
155 rouge
0%
103 疋 (⺪) rouleau de tissu
0%
143 sang
0%
5 乙 (⺂,⺃, ⺄ ) second
0%
197 鹵,simp. 卤 sel
0%
132 soi
0%
120 糸 (糹,simp. 纟) soie, fil
0%
49 己 巳已 㔾 soi-même
0%
36 soir
0%
207 tambour
0%
185 tête
0%
40 toit
0%
213 龜,simp. 龟, 亀 tortue
0%
91 tranche
0%
206 tripode
0%
98 tuile
0%
1 un
0%
101 用 (甩) utiliser
0%
150 vallée
0%
84 vapeur, souffle
0%
182 風,simp. 风 vent
0%
145 衣 (衤) vêtements
0%
130 肉 (⺼) viande
0%
100 vie
0%
125 老 (耂) vieux
0%
166 village, li
0%
163 邑 (⻏) ville
0%
147 見,simp. 见 voir
0%
183 飛,simp. 飞 voler (dans les airs)
0%
Aucun quiz correspondant
Distribution des résultats
% des personnes avec chaque résultat
Percentile par nombre de réponses
Votre historique - résultats
Vous n’avez pas pris ce quiz